Statystyki dla 15 najbardziej dotkniętych krajów Covid-19 - 1 sierpnia

Kliknij tutaj aby rozwiązać quiz!

Ogólne statystyki

  • Ten quiz został rozwiązany 19 razy
  • Średni wynik to 11 z 25

Statystyki odpowiedzi

kraj% Poprawnych
Stany Zjednoczone
100%
Rosja
83%
Brazylia
72%
Włochy
72%
Hiszpania
67%
Indie
67%
Wielka Brytania
67%
Meksyk
61%
Chile
44%
Chile
44%
Iran
44%
Kolumbia
44%
Peru
44%
Szwecja
44%
Pakistan
39%
Republika
Południowej Afryki
39%
Arabia Saudyjska
33%
Izrael
28%
Katar
22%
Oman
22%
Panama
22%
Singapur
22%
Armenia
11%
Bahrajn
11%
Kuwejt
11%

Rozkład punktacji

Percentyl według liczby udzielonych odpowiedzi

Procent ludzi z każdym wynikiem

Twoja historia wyników

Nie rozwiązałeś tego quizu